000 00498nam a2200181 a 4500
001 1771666227630
003 YourLibrary
005 20260221150218.0
008 260221s2007##################000#0#eng##
020 _a9781845425296
082 0 4 _a338.60941
_bCOO
100 1 _aCooke, Philip,
_eauthor.
245 1 0 _aRegional Knowledge Economies :
260 _bEdward Elgar Publishing,
_c2007.
650 0 _aGestion des connaissances.
942 _cENGLISH
040 _aYourLibrary
_beng
_cYourLibrary
999 _c615303
_d615303